Eden/ (Record no. 36496)
[ view plain ]
| 000 -LEADER | |
|---|---|
| fixed length control field | 00425nam a22001697a 4500 |
| 005 - DATE AND TIME OF LATEST TRANSACTION | |
| control field | 20240829131208.0 |
| 008 - FIXED-LENGTH DATA ELEMENTS--GENERAL INFORMATION | |
| fixed length control field | 240829b |||||||| |||| 00| 0 eng d |
| 020 ## - INTERNATIONAL STANDARD BOOK NUMBER | |
| ISBN | 0-593-04883-0 |
| 082 ## - DEWEY DECIMAL CLASSIFICATION NUMBER | |
| Item number | SMI-E |
| Classification number | 712.5 |
| 100 ## - MAIN ENTRY--AUTHOR | |
| Author Name | Smit, Tim |
| 245 ## - TITLE STATEMENT | |
| Title | Eden/ |
| Statement of responsibility, etc. | by Tim Smit |
| 260 ## - PUBLICATION, DISTRIBUTION, ETC. | |
| Place of Publication | London : |
| Name of publisher, distributor, etc. | Bantam Press ; |
| Date of publication, distribution, etc. | 2001. |
| 300 ## - PHYSICAL DESCRIPTION | |
| Pages | 317 p. : |
| 500 ## - GENERAL NOTE | |
| General note | Include index. |
| 650 ## - SUBJECT ADDED ENTRY--TOPICAL TERM | |
| Subject / Department | Agriculture |
| 300 ## - PHYSICAL DESCRIPTION | |
| -- | ill ; |
| -- | 2001. |
| 952 ## - LOCATION AND ITEM INFORMATION (KOHA) | |
| -- | 0 |
| -- | 0 |
| Lost status | Damaged status | Collection code | Permanent Location | Current Location | Shelving Location | Date acquired | Full Call Number | Accession No./Barcode | Date last seen | item type | Koha item type |
|---|---|---|---|---|---|---|---|---|---|---|---|
| Agriculture and Veterinary | Superior Information Resource Center (SIRC) Superior University- Main Campus | Superior Information Resource Center (SIRC) Superior University- Main Campus | Agriculture | 08/29/2024 | 712.5 SMI-E 2001 | 29381 | 08/29/2024 | BOOK | BOOK |
